Cyclisme : Lieux Mythiques du cyclisme - Statistiques

Statistiques générales
  • Ce quiz a été pris 108 fois
  • Le résultat moyen est 7 sur 12
Statistiques - réponses
Par images Réponse % Correct
Le Mont Ventoux
93%
L'Alpe d'Huez
78%
Vélodrome André-Pétrieux
75%
Les Champs-Elysées
74%
Le mur de Huy
72%
La butte de Montmartre
68%
La Trouée d'Arenberg
63%
Le Poggio di San Remo
51%
La Redoute
44%
La Via Roma
34%
Le Vieux Quaremont
34%
La Piazza del Campo
23%
Aucun quiz correspondant
Distribution des résultats
% des personnes avec chaque résultat
Percentile par nombre de réponses
Votre historique - résultats
Vous n’avez pas pris ce quiz